Fatehsingh aur vah zamana/ (Record no. 140176)

000 -LEADER
fixed length control field 00431 a2200157 4500
020 ## - INTERNATIONAL STANDARD BOOK NUMBER
International Standard Book Number 9788179650691
082 ## - DEWEY DECIMAL CLASSIFICATION NUMBER
Classification number H3
Item number MOH/F
100 ## - MAIN ENTRY--PERSONAL NAME
Personal name Mohan Singh Kandari
9 (RLIN) 110136
245 ## - TITLE STATEMENT
Title Fatehsingh aur vah zamana/
Statement of responsibility, etc. by Mohan Singh Kandari
260 ## - PUBLICATION, DISTRIBUTION, ETC.
Name of publisher, distributor, etc. Takshila prakashan,
Place of publication, distribution, etc. Newdelhi:
Date of publication, distribution, etc. 2004.
300 ## - PHYSICAL DESCRIPTION
Extent 336p.
650 ## - SUBJECT ADDED ENTRY--TOPICAL TERM
Topical term or geographic name entry element Novel Hindi
9 (RLIN) 110137
650 ## - SUBJECT ADDED ENTRY--TOPICAL TERM
Topical term or geographic name entry element Literature Hindi
9 (RLIN) 110138
650 ## - SUBJECT ADDED ENTRY--TOPICAL TERM
Topical term or geographic name entry element Literature
9 (RLIN) 110139
942 ## - ADDED ENTRY ELEMENTS (KOHA)
Koha item type Book
Holdings
Withdrawn status Lost status Damaged status Not for loan Permanent Location Current Location Shelving location Date acquired Cost, normal purchase price Total Checkouts Full call number Barcode Date last seen Price effective from Koha item type
        Sree Sankaracharya University of Sanskrit Sree Sankaracharya University of Sanskrit Stacks 08.02.2019 300.00   H3 MOH/F 093443 08.02.2019 08.02.2019 Book